Normal view
MARC view
- Baja California Sur
Entry Nombre Geográfico
001 - NÚMERO DE CONTROL
- campo de control: 4172
003 - IDENTIFICADOR DE NUMERO DE CONTROL
- campo de control: UPN
005 - FECHA Y HORA DE LA ÜLTIMA TRANSACCIÓN
- campo de control: 20230509103113.0
008 - DATOS DE LONGITUD FIJA
- campo de control de longitud fija: 230509nn fcznnbaba n ana |d
035 ## - NÚMERO DE CONTROL
- Número de control: UPN10000004172
040 ## - FUENTE DE CATALOGACIÓN
- Lenguaje de catalogación: spa
- Agencia de catalogación original: MX-MxUPN
151 ## - ENCABEZAMIENTO - NOMBRE GEOGRÁFICO
- Nombre geográfico: Baja California Sur
- Subdivisión general : Descripción y viajes
670 ## - FUENTE EN LA QUE SE LOCALIZARON DATOS
- Cita de la fuente: E/P
- Información localizada: Baja California - Descripción y viajes
902 ## - CATALOGADOR
- Catalogador: MEEG/130197
